Human resource management and the Internet : A new insight into the emerging world of the internet, for personnel and human resource practicioners, researchers and students

Αποθηκεύτηκε σε:
Λεπτομέρειες βιβλιογραφικής εγγραφής
Κύριος συγγραφέας: Gray, R.M
Άλλοι συγγραφείς: Kinealy, M.A
Μορφή: Βιβλίο
Γλώσσα:English
Δημοσίευση: England : Hilbre Business Press, 1996
Θέματα:
Ετικέτες: Προσθήκη ετικέτας
Δεν υπάρχουν, Καταχωρήστε ετικέτα πρώτοι!

MARC

LEADER 00000nam a2200000 i 4500
001 1/61174
008 980609s1996 eng d
020 |a 0952896001 
035 |l 10028847 
040 |a GR-MY-UA  |b gre  |e aacr 
041 0 |a eng 
100 1 |a Gray, R.M. 
245 1 0 |a Human resource management and the Internet :  |b A new insight into the emerging world of the internet, for personnel and human resource practicioners, researchers and students /  |c R. M. Gray ; M.A. Kinealy 
260 |a England :   |b Hilbre Business Press,   |c 1996 
300 |a 48 p. 
650 0 0 |a Personnel management  |x Computer network recourses. 
650 0 0 |a Personnel management  |x Data processing. 
700 1 |a Kinealy, M.A. 
852 |a INST  |b CHIOS  |e 19980609  |h 658.300285 GRA  |p 005200016301  |q 005200016301  |t BK  |y 0 
901 |a BIBL-1998-2 
909 |a Χ  |b 054425 
922 |a 2ΕΛΗ  |b 199805  |c ΤΔΕ  |d ΠΑΠΑΣΩΤΗΡΙΟΥ